| 000 | 00415nam a2200169Ia 4500 | ||
|---|---|---|---|
| 008 | 230524s9999 xx 000 0 und d | ||
| 082 |
_a658.3 _bOHU |
||
| 100 | _aS.A.Chunawalla | ||
| 245 | 0 | _aProduction and Operations Management | |
| 250 | _a7TH | ||
| 260 |
_aNEW DELHI _bHimalaya _c2008 |
||
| 300 | _aXII;662 | ||
| 500 | _aQuantity Number: 16 | ||
| 650 | _aManagement | ||
| 700 | _a D.R.Patel | ||
| 942 | _cBK | ||
| 999 |
_c41355 _d41355 |
||